Brawl Stars Epic Brawlers - Sudden Death - Statistics

General Stats
  • This quiz has been taken 797 times
  • The average score is 16 of 26
Answers on the Grid
Answers color-coded by a green-red scale on the quiz's grid according to % correct below.
8-Bit
Amber
Angelo
Ash
Barley
Bea
Belle
Berry
Bibi
Bo
Bonnie
Brock
Bull
Buster
Buzz
Byron
Carl
Charlie
Chester
Chuck
Clancy
Colette
Colt
Cordelius
Crow
Darryl
Doug
Draco
Dynamike
Edgar
El Primo
Emz
Eve
Fang
Frank
Gale
Gene
Gray
Griff
Grom
Gus
Hank
Jacky
Janet
Jessie
Juju
Kenji
Kit
Larry & Lawrie
Leon
Lily
Lola
Lou
Maisie
Mandy
Max
Meg
Melodie
Mico
Moe
Mortis
Mr. P
Nani
Nita
Otis
Pam
Pearl
Penny
Piper
Poco
R-T
Rico
Rosa
Ruffs
Sam
Sandy
Shelly
Spike
Sprout
Squeak
Stu
Surge
Tara
Tick
Willow
 
Answer Stats
Answer % Correct
Bea
86%
Angelo
83%
Bibi
83%
Berry
80%
Bonnie
79%
Belle
77%
Ash
74%
Bo
74%
Colette
66%
Edgar
66%
Emz
65%
Frank
64%
Gale
58%
Grom
56%
Griff
55%
Hank
53%
Lola
53%
Larry & Lawrie
52%
Mandy
52%
Maisie
49%
Stu
49%
Nani
48%
Pam
48%
Pearl
48%
Piper
48%
Sam
44%
No matching quizzes found
Score Distribution
Percent of People with Each Score
Percentile by Number Answered
Your Score History
You have not taken this quiz